Vysoká produktivita - predpoklad prosperity Slovenska v treťom tisícročí

Produktivita ako hlavný faktor ekonomického rastu a ako jeden z najvýznamnejších prvkov konkurenčnej schopnosti. Nové výzvy, ktorými sú konfrontované všetky krajiny sveta na začiatku 21. storočia. Produktivita v najvyspelejších krajinách sveta - USA, Japonsko. Vývoj produktivity. Produktivita na Slo...

Descripción completa

Guardado en:
Detalles Bibliográficos
Autor principal: Gregor, Milan
Formato: Capítulo de libro
Lenguaje:eslovaco
Materias:
Etiquetas: Agregar Etiqueta
Sin Etiquetas, Sea el primero en etiquetar este registro!

MARC

LEADER 00000naa a2200000 4500
001 r048734
005 20231002121858.7
041 0 |a slo 
044 |a SK 
245 1 0 |a Vysoká produktivita - predpoklad prosperity Slovenska v treťom tisícročí  |c Milan Gregor 
520 |a Produktivita ako hlavný faktor ekonomického rastu a ako jeden z najvýznamnejších prvkov konkurenčnej schopnosti. Nové výzvy, ktorými sú konfrontované všetky krajiny sveta na začiatku 21. storočia. Produktivita v najvyspelejších krajinách sveta - USA, Japonsko. Vývoj produktivity. Produktivita na Slovensku. Slovenské centrum produktivity (SLCP). 
610 2 0 |a produktivita 
610 2 0 |a hospodárstvo svetové 
610 2 0 |a rast hospodársky 
610 2 0 |a konkurencieschopnosť 
610 2 0 |a globalizácia hospodárstva 
610 2 0 |a USA 
610 2 0 |a Japonsko 
610 2 0 |a prosperita ekonomická 
610 2 0 |a Slovensko 
100 1 |a Gregor, Milan